000 01593nam0a2200313 4500
001 RU\NLR\bibl\550670
005 20260405090451.0
010 _a5-9231-0435-0
_92000
021 _aRU
_b2004-44141
_92192
035 _a(NLR Aleph) 000542853
090 _a1423889
_c1423889
100 _a20040909d2004 |||y0rusy50 ca
101 0 _arus
102 _aRU
105 _aa |||||||||
200 1 _aНеотложная офтальмология
_eУчеб. пособие для студентов мед. вузов, обучающихся по спец. 040100 - "Лечеб. дело"
_f[Е.А. Егоров, А.В. Свирин, Е.Г. Рыбакова и др.]
_gПод ред. проф. Е.А. Егорова
210 _aМ.
_cГЭОТАР-МЕД
_d2004
215 _a182 с., [8] л. цв. ил.
_d21
606 0 _aНеотложная офтальмология
_jРуководства, пособия и т.п.
_91692206
_3RU\NLR\auth\66752442
606 0 _aНеотложная офтальмология
_jУчебные издания для высших учебных заведений
_91692206
_3RU\NLR\auth\66752442
686 _aР67-5,3я73
701 1 _4070
_8rus
_7ca
_aЕгоров
_bЕ. А.
_cофтальмолог
_gЕвгений Алексеевич
_3RU\NLR\auth\7732142
_915152
701 1 _aСвирин
_bА. В.
_4070
701 1 _aРыбакова
_bЕ. Г.
_gЕлена Геннадьевна
_4070
801 0 _aRU
_bNLR
_c20040909
_gPSBO
801 1 _aRU
_bNLR
_c20040909
942 _cBOOK
980 _aNB